Všeobecná ekonomická teória

Gespeichert in:
Bibliographische Detailangaben
1. Verfasser: Přívarová, Magdaléna, 1955-
Weitere Verfasser: Martincová, Marta, 1955-
Format: Buch
Sprache:Slowakisch
Veröffentlicht: Bratislava Vysoká škola ekonómie a manažmentu verejnej správy v Bratislave 2005
Schlagworte:
Tags: Tag hinzufügen
Keine Tags, Fügen Sie das erste Tag hinzu!

MARC

LEADER 00000nam$a2200000$$$4500
001 0061225
005 20240502071702.2
020 |a 80-89143-25-3 
041 0 |a slo 
044 |a SK 
245 1 0 |a Všeobecná ekonomická teória  |c Magdaléna Přívarová, Marta Martincová 
264 1 |a Bratislava  |b Vysoká škola ekonómie a manažmentu verejnej správy v Bratislave  |c 2005 
300 |a 229 s. 
610 2 0 |a teórie ekonomické 
610 2 0 |a politika hospodárska 
610 2 0 |a správanie spotrebiteľa 
610 2 0 |a makroekonomika 
610 2 0 |a náklady 
610 2 0 |a dopyt 
610 2 0 |a cykly hospodárske 
610 2 0 |a inflácia 
100 1 |a Přívarová, Magdaléna, 1955- 
700 1 |a Martincová, Marta, 1955-